Detalles MARC
| 000 -LEADER |
| campo de control de longitud fija |
02319cam a22004814i 4500 |
| 003 - IDENTIFICADOR DE NÚMERO DE CONTROL |
| campo de control |
PE-LiUPU |
| 005 - FECHA Y HORA DE LA ÚLTIMA TRANSACCIÓN |
| campo de control |
20250731165408.0 |
| 008 - DATOS DE LONGITUD FIJA--INFORMACIÓN GENERAL |
| campo de control de longitud fija |
151016s2014 pe a grm 000 0 spa d |
| 035 ## - NÚMERO DE CONTROL DEL SISTEMA |
| Número de control de sistema |
(Sirsi) a154899 |
| 040 ## - FUENTE DE CATALOGACIÓN |
| Centro catalogador/agencia de origen |
PE-LiUPU |
| Lengua de catalogación |
spa |
| Centro/agencia transcriptor |
PE-LiUPU |
| Normas de descripción |
rda |
| 082 04 - NÚMERO DE LA CLASIFICACIÓN DECIMAL DEWEY |
| Número de clasificación |
241.664 |
| -- |
h93 T3 |
| Cutter |
|
| 099 ## - TEXTO-LIBRO SIGNATURA TOPOGRÁFICA LOCAL (OCLC) |
| Número de clasificación |
TT 3 |
| -- |
CH93 2014 |
| 100 1# - ENTRADA PRINCIPAL--NOMBRE DE PERSONA |
| Nombre de persona |
Chumbes Rojas, Carlos Antonio |
| Término indicativo de función/relación |
autor |
| 245 1# - MENCIÓN DEL TÍTULO |
| Título |
Tratamiento de un problema de inmoralidad de la Iglesia de Corinto: Según 1 Corintios 5:1-13 / |
| Mención de responsabilidad, etc. |
Carlos Antonio Chumbes Rojas.. |
| 264 #0 - PRODUCCIÓN, PUBLICACIÓN, DISTRIBUCIÓN, FABRICACIÓN Y COPYRIGHT |
| Fecha de producción, publicación, distribución, fabricación o copyright |
2014. |
| 300 ## - DESCRIPCIÓN FÍSICA |
| Extensión |
74 hojas : |
| Otras características físicas |
ilustraciones; |
| Dimensiones |
30 cm |
| 336 ## - TIPO DE CONTENIDO |
| Término de tipo de contenido |
text |
| Fuente |
rdacontent |
| 337 ## - TIPO DE MEDIO |
| Nombre/término del tipo de medio |
unmediated |
| Fuente |
rdamedia |
| 338 ## - TIPO DE SOPORTE |
| Nombre/término del tipo de soporte |
volume |
| Fuente |
rdacarrier |
| 502 ## - NOTA DE TESIS |
| Nota de tesis |
Tesis |
| Tipo de título |
(Mg.) -- |
| Nombre de la institución que otorga el título |
Universidad Peruana Unión, |
| Año de obtención del título |
2014. |
| 504 ## - NOTA DE BIBLIOGRAFÍA, ETC. |
| Nota de bibliografía, etc. |
Incluye bibliografía |
| 520 3# - RESUMEN, ETC. |
| Sumario, etc. |
La presente investigación es de tipo exegético-teológico y se fundamenta en la metodología histórico- gramático-teológico. Se siguen los pasos requeridos por la exégesis bíblica: establecer el texto, revisión bibliográfica del texto en el idioma original, estableciendo el significado: luego se hizo un estudio sintáctico del texto, para ver las interrelaciones literarias en las epístolas paulinas; seguidamente se logró ordenas el contexto histórico y geográfico y como penúltimo paso se pudo establecer el significado teológico original, lo que el apóstol Pablo quiso decir a los miembros de la iglesia de Corinto en el siglo I, en relación al caso de fornicación incestuosa que un miembro de iglesia estaba sosteniendo. Finalmente se constituye el significado, lecciones y aplicaciones para el presente. |
| 526 ## - NOTA DE INFORMACIÓN SOBRE EL PROGRAMA DE ESTUDIO |
| Nombre del programa |
Segunda Especialidad En Estadística Aplicada Para Investigación (A Distancia) |
| 526 ## - NOTA DE INFORMACIÓN SOBRE EL PROGRAMA DE ESTUDIO |
| Nombre del programa |
Segunda Especialidad En Estadística Aplicada Para Investigación |
| 526 ## - NOTA DE INFORMACIÓN SOBRE EL PROGRAMA DE ESTUDIO |
| Nombre del programa |
Ingeniería De Ciberseguridad |
| 526 ## - NOTA DE INFORMACIÓN SOBRE EL PROGRAMA DE ESTUDIO |
| Nombre del programa |
Ingeniería De Ciencia De Datos E Inteligencia Artificial |
| 526 ## - NOTA DE INFORMACIÓN SOBRE EL PROGRAMA DE ESTUDIO |
| Nombre del programa |
Ingeniería De Software |
| 526 ## - NOTA DE INFORMACIÓN SOBRE EL PROGRAMA DE ESTUDIO |
| Nombre del programa |
|
| 526 ## - NOTA DE INFORMACIÓN SOBRE EL PROGRAMA DE ESTUDIO |
| Nombre del programa |
Comunicación Y Periodismo |
| 526 ## - NOTA DE INFORMACIÓN SOBRE EL PROGRAMA DE ESTUDIO |
| Nombre del programa |
Maestría En Ingeniería De Sistemas Con Mención En Dirección Y Gestión De Tecnologías De Información (Semipresencial) |
| 526 ## - NOTA DE INFORMACIÓN SOBRE EL PROGRAMA DE ESTUDIO |
| Nombre del programa |
Maestría En Ingeniería De Sistemas Con Mención En Dirección Y Gestión De Tecnologías De Información (A Distancia) |
| 526 ## - NOTA DE INFORMACIÓN SOBRE EL PROGRAMA DE ESTUDIO |
| Nombre del programa |
Doctorado en ingeniería de sistemas |
| 526 ## - NOTA DE INFORMACIÓN SOBRE EL PROGRAMA DE ESTUDIO |
| Nombre del programa |
Maestría en ingeniería de sistemas con mención en Ingeniería de software |
| 526 ## - NOTA DE INFORMACIÓN SOBRE EL PROGRAMA DE ESTUDIO |
| Nombre del programa |
Maestría en ingeniería de sistemas con mención en Dirección y gestión de tecnologías de información |
| 526 ## - NOTA DE INFORMACIÓN SOBRE EL PROGRAMA DE ESTUDIO |
| Nombre del programa |
Ingeniería de sistemas |
| 526 ## - NOTA DE INFORMACIÓN SOBRE EL PROGRAMA DE ESTUDIO |
| Nombre del programa |
Educación secundaria, especialidad matemática e informática |
| 596 ## - |
| -- |
1 |
| 650 04 - PUNTO DE ACCESO ADICIONAL DE MATERIA--TÉRMINO DE MATERIA |
| Término de materia o nombre geográfico como elemento de entrada |
Delitos sexuales |
| Subdivisión general |
Enseñanza bíblica |
| Subdivisión de forma |
Tesis. |
| 650 04 - PUNTO DE ACCESO ADICIONAL DE MATERIA--TÉRMINO DE MATERIA |
| Término de materia o nombre geográfico como elemento de entrada |
Incesto |
| Subdivisión general |
Enseñanza bíblica |
| Subdivisión de forma |
Tesis. |
| 650 04 - PUNTO DE ACCESO ADICIONAL DE MATERIA--TÉRMINO DE MATERIA |
| Término de materia o nombre geográfico como elemento de entrada |
Biblia |
| -- |
N.T. |
| -- |
Corintios I: 5-13 |
| Subdivisión general |
Comentarios |
| Subdivisión de forma |
Tesis. |
| 942 ## - ELEMENTOS DE ENTRADA SECUNDARIOS (KOHA) |
| Fuente del sistema de clasificación o colocación |
Clasificación Decimal Dewey |
| Tipo de ítem Koha |
Tesis |
| 999 ## - NÚMEROS DE CONTROL DE SISTEMA (KOHA) |
| -- |
ALPHANUM |
| -- |
T01789 |
| -- |
CCODEBUL3 |
| -- |
BUL |
| -- |
1 |
| -- |
Y |
| -- |
TESIS |
| -- |
2015-10-16 |
| -- |
POSGRADO |
| -- |
P85 |
| -- |
.STAFF. Tesis |
| 980 ## - EQUIVALENCIA O REFERENCIA-CRUZADA-MENCIÓN DE SERIE--NOMBRE DE PERSONA/TÍTULO [LOCAL, CANADÁ] |
| ID del último usuario que modificó el registro |
1 |
| Nombre del último usuario que modificó el registro |
ALBERTO SANCHEZ Responsable de Automatización |